00438 a2200097 4500082001600000100002000016245018000036260005100216300003200267650004100299 a620.136 ACI aMalhotra, V. M. aRepair, Rehabilitation, and Maintenance of Concrete Structures and Innovations in Design and Construction : Proceedings: Fourth International ConferencecEditor V. M. Malhotra aMichigan :bAmerican Concrete Institute,c2000 aix, 1096p. :bill. ;c23 cm aRehabilitation - concrete structures